书目信息 |
| 题名: |
军事会议·条约·协定
|
|
| 作者: | ;苏联军事百科全书中译本编辑组 编 | |
| 分册: | 下 | |
| 出版信息: | 北京 知识出版社 1982 |
|
| 页数: | 153-298页 | |
| 开本: | 21cm | |
| 丛书名: | ||
| 单 册: | ||
| 中图分类: | E16 | |
| 科图分类: | ||
| 主题词: | 军事协定 , 军事条约 , 军事--会议--世界 | |
| 电子资源: | ||
| ISBN: | ||
| 000 | 00755nam0 2200253 45 | |
| 001 | 0180007854 | |
| 005 | 20060801081309.56 | |
| 010 | @dCNY0.62 | |
| 091 | @a5214.1006 | |
| 100 | @a19950523d1982 em y0chiy0121 ea | |
| 101 | 0 | @achi |
| 102 | @aCN@b110000 | |
| 105 | @ay s 100yy | |
| 200 | 10 | @a军事会议·条约·协定@Ajun shi hui yi tiao yue xie ding@h下@f《苏联军事百科全书》中译本编辑组编 |
| 210 | @a北京@c知识出版社@d1982 | |
| 215 | @a153-298页@d21cm | |
| 606 | @a军事协定 | |
| 606 | @a军事条约 | |
| 606 | @a军事@x会议@y世界 | |
| 690 | @aE16@v3 | |
| 711 | 02 | @a苏联军事百科全书中译本编辑组@Asu lian jun shi bai ke quan shu zhong yi ben bian ji zu@4编 |
| 801 | 0 | @aCN@bTSSF@c20060801 |
| 801 | 2 | @aCN@bNLC@c20060705 |
| 905 | @a10447@dE16@e21:2 | |
| 军事会议·条约·协定.下/《苏联军事百科全书》中译本编辑组编.-北京:知识出版社,1982 |
| 153-298页;21cm |
| ISBN :CNY0.62 |
| ● |
| 相关链接 |
|
|
|
|
正题名:军事会议·条约·协定
索取号:E16/21:2
 
预约/预借
| 序号 | 登录号 | 条形码 | 馆藏地/架位号 | 状态 | 备注 |
| 1 | 0421518 | 204215189 | 密集书库/ [索取号:E16/21:2] | 在馆 | |
| 2 | 0441068 | 204410681 | 密集书库/ [索取号:E16/21:2] | 在馆 |